Catálogo

PENSAMIENTO Y RELIGION EN EL MEXICO ANTIGUO (Registro nro. 45520)

Detalles MARC
000 -LEADER
fixed length control field 01052nam a2200205 a 4500
001 - CONTROL NUMBER
control field 45520
005 - DATE AND TIME OF LATEST TRANSACTION
control field 20180714024739.0
008 - FIXED-LENGTH DATA ELEMENTS--GENERAL INFORMATION
fixed length control field 140415s1993 mx 000 0 spa d
020 ## - INTERNATIONAL STANDARD BOOK NUMBER
International Standard Book Number 9681605543
041 ## - LANGUAGE CODE
Language code of text/sound track or separate title spa
082 ## - DEWEY DECIMAL CLASSIFICATION NUMBER
Classification number 972.01
Item number SEJ
100 1# - MAIN ENTRY--PERSONAL NAME
Personal name SEJOURNE, LAURETTE
245 10 - TITLE STATEMENT
Title PENSAMIENTO Y RELIGION EN EL MEXICO ANTIGUO
250 ## - EDITION STATEMENT
Edition statement 1a ed.
260 ## - PUBLICATION, DISTRIBUTION, ETC.
Place of publication, distribution, etc. MEXICO :
Name of publisher, distributor, etc. FONDO DE CULTURA ECONOMICA,
Date of publication, distribution, etc. 1993
300 ## - PHYSICAL DESCRIPTION
Extent 175
Dimensions 16.8 x 10.5 x 1.3
490 ## - SERIES STATEMENT
Series statement FONTAMARA
520 ## - SUMMARY, ETC.
Summary, etc. AL APARECER ESTE LIBRO EN SU EDICIÓN INGLESA, ESCRIBIÓ COTTIE A. BURLAND, DEL BRITISH MUSEUM : SE TRATA DE UN LIBRO NOTABLE, ESCRITO POR UNA ARQUEOLOGÍA QUE HA DESCUBIERTO UN MARAVILLOSO CAMPO NUEVO EN LOS MURALES DEL MÉXICO ANTIGUO, EN LAS RUINAS DE LA GIGANTESCA CIUDAD DE TEOTIHUACÁN. NO ES UNA RELACIÓN DE SUS DESCUBRIMIENTOS, SINO LA INTERPRETACIÓN DE LA RELIGIÓN QUE INSPIRÓ DICHAS OBRAS. Y COMO TAL EXIGE UN LUGAR EN LA BIBLIOTECA DEL PSICÓLOGO, DEL ESTUDIOSO DE RELIGIONES COMPRADA
650 14 - SUBJECT ADDED ENTRY--TOPICAL TERM
Topical term or geographic name entry element AZTECAS
General subdivision HISTORIA
-- MEXICO
Existencias
Withdrawn status Lost status Source of classification or shelving scheme Damaged status Not for loan Collection code Home library Current library Shelving location Date acquired Source of acquisition Inventory number Total Checkouts Full call number Barcode Date last seen Date last checked out Price effective from Koha item type
    Dewey Decimal Classification     General Biblioteca Karol Wojtyla Biblioteca Karol Wojtyla Sala general 03/12/2013 Compra 151000000000000000037514 3 972.01 SEJ 68394 26/01/2026 17/05/2022 03/12/2013 Libro